Introducción al análisis cuantitativo de los negocios (Registro nro. 2263)

Detalles MARC
000 -LEADER
fixed length control field 00963 a2200205 4500
001 - CONTROL NUMBER
control field 32164
005 - DATE AND TIME OF LATEST TRANSACTION
control field 20260407155622.0
008 - FIXED-LENGTH DATA ELEMENTS--GENERAL INFORMATION
fixed length control field 260407a1968 arg spa d
003 - CONTROL NUMBER IDENTIFIER
control field AR-UNSa-BCEJYS
040 ## - CATALOGING SOURCE
Original cataloging agency AR-UNSa-BCEJYS
Language of cataloging spa
Transcribing agency AR-UNSa-BCEJYS
080 ## - UNIVERSAL DECIMAL CLASSIFICATION NUMBER
Universal Decimal Classification number 519.87
Common auxiliary subdivision Modelos matemáticos para la investigación operativa
100 1# - MAIN ENTRY--PERSONAL NAME
Personal name Horowitz, Ira
245 10 - TITLE STATEMENT
Title Introducción al análisis cuantitativo de los negocios
264 #1 - PRODUCTION, PUBLICATION, DISTRIBUTION, MANUFACTURE, AND COPYRIGHT NOTICE
Place of production, publication, distribution, manufacture New York :
Name of producer, publisher, distributor, manufacturer McGraw-Hill
Date of production, publication, distribution, manufacture, or copyright notice 1968
300 ## - PHYSICAL DESCRIPTION
Extent 255 p.
Dimensions 23 cm.
505 ## - FORMATTED CONTENTS NOTE
Formatted contents note 1. Introducción - 2. Probabilidad y valor esperado - 3. Utilidad en la toma de decisiones - 4. El valor de la información adicional - 5. Decisiones bajo incertidumbre - 6. Programamción lineal - 7. Programación entera - 8. El problema del transporte - 9. Teoria de stocks - 10. Teorias de colas - 11. Teoria de juegos - 12. Conclusiones finales.
590 ## - LOCAL NOTE (RLIN)
Local note niveau_biblio:m niveau_hierar:0
700 1# - ADDED ENTRY--PERSONAL NAME
Personal name Arnaiz Vellando, Gonzalo
942 ## - ADDED ENTRY ELEMENTS (KOHA)
Koha item type
Existencias
Withdrawn status Lost status Damaged status Not for loan Home library Current library Shelving location Date acquired Total checkouts Full call number Barcode Date last seen Price effective from Koha item type
        Biblioteca Prof. Eusebio Cleto del Rey Biblioteca Prof. Eusebio Cleto del Rey   07/04/2026   519.87 H811 L22301 07/04/2026 07/04/2026 Libro
        Biblioteca Prof. Eusebio Cleto del Rey Biblioteca Prof. Eusebio Cleto del Rey   07/04/2026   519.87 H811 L21910 07/04/2026 07/04/2026 Libro
        Biblioteca Prof. Eusebio Cleto del Rey Biblioteca Prof. Eusebio Cleto del Rey   07/04/2026   519.87 H811 L22302 07/04/2026 07/04/2026 Libro